Inflačné vplyvy cien energií na Slovensku v posledných rokoch

Analýza cien energií pre výrobcov. Vývoj cien energií v rámci spotrebiteľských cien.

Gespeichert in:
Bibliographische Detailangaben
1. Verfasser: Cár, Mikuláš
Format: Buchkapitel
Sprache:Slowakisch
Schlagworte:
Tags: Tag hinzufügen
Keine Tags, Fügen Sie das erste Tag hinzu!

MARC

LEADER 00000naa$a2200000$$$4500
001 0090017
005 20220426130910.8
041 0 |a slo 
044 |a SK 
245 1 0 |a Inflačné vplyvy cien energií na Slovensku v posledných rokoch  |c Mikuláš Cár 
520 |a Analýza cien energií pre výrobcov. Vývoj cien energií v rámci spotrebiteľských cien. 
610 2 0 |a ceny výrobcov 
610 2 0 |a ceny spotrebiteľské 
610 2 0 |a vývoj cenový 
610 2 0 |a pohyby cenové 
610 2 0 |a ceny 
610 2 0 |a ropa 
610 2 0 |a energia 
610 2 0 |a plyn zemný 
610 2 0 |a korelácia 
610 2 0 |a koeficient korelácie 
610 2 0 |a metódy štatistické 
100 1 |a Cár, Mikuláš